000 00443nam a2200157Ia 4500
008 240729s9999 xx 000 0 und d
022 _a1973-9095
245 0 _aEuropean Journal of Physical and Rehabilitation Medicine
260 _aItaly
260 _bEdizioni Minerva Medica
650 _a Medicine (General)
650 _aMedicine
856 _uhttps://doaj.org/toc/af9e53cd41dd4d288dd020f8fdc6858e
942 _2ddc
942 _cDOAJEJ
999 _c74544
_d74544
945 _a1
_bMadushi Gamage
_c1
_dMadushi Gamage